000
00298nam a2200121Ia 4500
008
220120s9999||||xx |||||||||||||| ||und||
082
_a
823 GRI
100
_a
Grisham, John
_9
11876
245
4
_a
The litigators
260
_a
Hodder
_b
nEW dELHI
_c
2011
300
_a
1084p.
_b
625
650
_a
ELECTRONICS
999
_c
137537
_d
137537